| 000 | 01301nam a2200313 a 4500 | ||
|---|---|---|---|
| 001 | ebr10289912 | ||
| 003 | CaPaEBR | ||
| 006 | m u | ||
| 007 | cr cn||||||||| | ||
| 008 | 091123s2008 onca s 000 0 eng d | ||
| 020 | _z9781550228434 | ||
| 020 | _z9781554908431 | ||
| 040 |
_aCaPaEBR _cCaPaEBR |
||
| 035 | _a(OCoLC)568279655 | ||
| 050 | 1 | 4 |
_aHQ1061 _b.C73 2008eb |
| 100 | 1 | _aCravit, David. | |
| 245 | 1 | 4 |
_aThe New old _h[electronic resource] : _bhow the boomers are changing everything ... again / _cDavid Cravit. |
| 260 |
_aToronto, Ont. : _bECW Press, _c2008. |
||
| 300 |
_a200 p. : _bill. |
||
| 505 | 0 | _apt. 1. How did we get here? -- pt. 2. The new old landscape -- pt. 3. But some are still clueless -- pt. 4. So what are you supposed to do now? | |
| 533 |
_aElectronic reproduction. _bPalo Alto, Calif. : _cebrary, _d2010. _nAvailable via World Wide Web. _nAccess may be limited to ebrary affiliated libraries. |
||
| 650 | 0 | _aBaby boom generation. | |
| 650 | 0 |
_aMiddle-aged persons _xSocial conditions. |
|
| 650 | 0 |
_aMiddle age _xSocial aspects. |
|
| 650 | 0 | _aAging. | |
| 655 | 7 |
_aElectronic books. _2local |
|
| 710 | 2 | _aebrary, Inc. | |
| 856 | 4 | 0 |
_uhttp://site.ebrary.com/lib/rucke/Doc?id=10289912 _zAn electronic book accessible through the World Wide Web; click to view |
| 999 |
_c173740 _d173740 |
||